000 00525nam a2200205Ia 4500
005 20250326144506.0
008 250326s9999 xx 000 0 und d
020 _a978-0-8144-0922-0
037 _aTextbook
040 _aFMSL
_beng
_cFMSL
041 _aeng
_2eng
084 _aX:9 P8
_qFMSL
100 _aMiller L
_9749757
245 0 _aFrom difficult to disturbed
_cMiller L
260 _aNY
_bNY, AMACOM
_c2008
300 _a241p
365 _b1068.54
942 _cTB
_hX:9 P8
999 _c1303905
_d1303905